000 00809nam a22002297a 4500
003 0
005 20250124173857.0
008 250124b xxu||||| |||| 00| 0 eng d
020 _a978-0-357-92976-6
050 _aQA 76.9
_b.D38 2024
245 _aData visualization
_bexploring and explaining with data
_cJeffrey D. Camm, James J. Cochran, Michael J. Fry, and Jeffrey W. Ohlmann
250 _a2nd edition
260 _aMason
_bCengage
_c2025
300 _axvi, 570 pages :
_bcolored illustrations and pictures ;
_c30cm.
504 _aIncludes bibliographical references, index, and glossary.
650 _aData visualization.
650 _aInformation visualization.
650 _aStatistical graphics.
650 _aBig data—Visualization.
650 _aComputer graphics.
942 _2lcc
_cBK
999 _c367059
_d367059